[Event "Maccabiah op"]
[Site "Jerusalem"]
[Date "2013.07.22"]
[Round "2"]
[White "Shabat, Ofir"]
[Black "Atias, Daniel"]
[Result "1-0"]
[WhiteElo "1810"]
[BlackElo "1322"]
[PlyCount "43"]
[EventDate "2013.07.21"]
[EventType "swiss"]
[EventRounds "9"]
[EventCountry "ISR"]
[SourceTitle "EXT 2014"]
[Source "ChessBase"]
[SourceDate "2013.11.20"]
[SourceVersion "1"]
[SourceVersionDate "2013.11.20"]
[SourceQuality "1"]

1. e4 d5 2. exd5 Qxd5 3. Nc3 Qd6 4. d4 a6 5. g3 Qc6 6. d5 Qf6 7. Bg2 e6 8. Nge2 Bc5 9. 0-0 Ra7 10. Ne4 Bxf2+ 11. Rxf2 Qe5 12. Ng5 Nf6 13. Nc3 0-0 14. Bf4 Qf5 15. Be3 Qxf2+ 16. Bxf2 b6 17. Bd4 Nfd7 18. Qh5 h6 19. Be4 f5 20. Nxe6 Rf7 21. Rf1 g6 22. Qxg6+ 1-0